[Event "36. Copenhagen Open (Politiken Cup)"]
[Site "Elsinore"]
[Date "2014.07.21"]
[Round "1"]
[White "Pedersen, Carl Aage"]
[Black "Hagesaether, Arne"]
[Result "0-1"]
[WhiteElo "1769"]
[BlackElo "2145"]
[PlyCount "150"]
[EventDate "2014.07.21"]
[EventType "swiss"]
[EventRounds "10"]
[EventCountry "DEN"]
[Source "ChessBase"]
[SourceDate "2014.08.29"]

1. d4 Nf6 2. c4 e6 3. Nc3 Bb4 4. e3 b6 5. Bd2 O-O 6. Nf3 Ba6 7. Bd3 d5 8. Qe2
dxc4 9. Bxc4 Bb7 10. a3 Be7 11. O-O c5 12. dxc5 Bxc5 13. Rfd1 Nbd7 14. Be1 Rc8
15. Ne5 Qc7 16. Nxd7 Nxd7 17. Ba6 Ne5 18. Bxb7 Qxb7 19. Rac1 h6 20. Nb5 Qa6 21.
Bc3 Ng6 22. Nd4 Qb7 23. Nf3 Rfd8 24. Rxd8+ Rxd8 25. Rd1 Rc8 26. Qd3 Nf8 27. h3
Be7 28. Qe2 Nd7 29. Ne5 Nf6 30. Nd3 Nd5 31. Be5 Bf8 32. e4 Ne7 33. Bc3 Ng6 34.
g3 Ne7 35. Qf3 Nc6 36. Ne5 Rd8 37. Qe2 Rxd1+ 38. Qxd1 Nxe5 39. Bxe5 Qxe4 40.
Bc3 Bc5 41. Qd8+ Kh7 42. Qd2 Qf3 43. Bd4 Be7 44. Qe3 Qd1+ 45. Kg2 Qc2 46. Qc3
Qe4+ 47. Kg1 f6 48. h4 Qg4 49. Be3 Qd1+ 50. Kg2 Qd7 51. Qc2+ f5 52. Qc4 Bf6 53.
b3 e5 54. a4 g5 55. hxg5 hxg5 56. Qc2 Kg7 57. Qc4 f4 58. Bc1 Qb7+ 59. f3 g4 60.
Qe4 Qxe4 61. fxe4 f3+ 62. Kf2 Be7 63. Bb2 Bc5+ 64. Kf1 Kf6 65. Bc3 Ke6 66. b4
Bd6 67. Kf2 Bc7 68. Ke3 a5 69. Kf2 Kd6 70. Kf1 Kc6 71. Kf2 axb4 72. Bxb4 Bd6
73. Bd2 Bc5+ 74. Kf1 b5 75. axb5+ Kxb5 0-1

[Event "36. Copenhagen Open (Politiken Cup)"]
[Site "Elsinore"]
[Date "2014.07.21"]
[Round "1"]
[White "Percivaldi, Martin"]
[Black "Hojgaard, Brandur"]
[Result "1-0"]
[WhiteElo "2170"]
[BlackElo "1779"]
[PlyCount "65"]
[EventDate "2014.07.21"]
[EventType "swiss"]
[EventRounds "10"]
[EventCountry "DEN"]
[Source "ChessBase"]
[SourceDate "2014.08.29"]

1. d4 d5 2. c4 e6 3. Nf3 Nf6 4. g3 Be7 5. Bg2 c6 6. O-O O-O 7. Qc2 Nbd7 8. Nbd2
b6 9. e4 dxe4 10. Nxe4 Nxe4 11. Qxe4 Bb7 12. Rd1 Nf6 13. Qc2 Qc7 14. Bf4 Bd6
15. Bxd6 Qxd6 16. c5 Qc7 17. Ne5 b5 18. a4 a6 19. Qe2 Rfd8 20. h4 Nd5 21. h5 h6
22. Be4 Nf6 23. Bc2 Rd5 24. Bb3 Rdd8 25. Qf3 Nd5 26. Re1 Qe7 27. Rad1 Qf6 28.
Qe4 Qg5 29. Nxf7 Kxf7 30. Qxe6+ Kf8 31. Re5 Qe7 32. Rf5+ Ke8 33. Qg6+ 1-0

[Event "36. Copenhagen Open (Politiken Cup)"]
[Site "Elsinore"]
[Date "2014.07.21"]
[Round "1"]
[White "Poulsen, Iver"]
[Black "Biasi, Grace"]
[Result "1-0"]
[WhiteElo "2092"]
[BlackElo "1668"]
[PlyCount "39"]
[EventDate "2014.07.21"]
[EventType "swiss"]
[EventRounds "10"]
[EventCountry "DEN"]
[Source "ChessBase"]
[SourceDate "2014.08.29"]

1. e4 c5 2. Nc3 d6 3. f4 e5 4. Nf3 Bg4 5. Bc4 Nh6 6. fxe5 dxe5 7. d3 Bxf3 8.
Qxf3 Qh4+ 9. g3 Qg4 10. Bxf7+ Ke7 11. Qxg4 Nxg4 12. Bb3 Nc6 13. O-O Nf6 14. Bg5
h6 15. Nd5+ Kd7 16. Nxf6+ Kd6 17. Be3 gxf6 18. Rxf6+ Kc7 19. Raf1 Nd8 20. Rxf8
1-0

[Event "36. Copenhagen Open (Politiken Cup)"]
[Site "Elsinore"]
[Date "2014.07.21"]
[Round "1"]
[White "Quiroga, Walter Gonzalo"]
[Black "Eriksson, Kristian"]
[Result "0-1"]
[WhiteElo "1553"]
[BlackElo "2058"]
[PlyCount "124"]
[EventDate "2014.07.21"]
[EventType "swiss"]
[EventRounds "10"]
[EventCountry "DEN"]
[Source "ChessBase"]
[SourceDate "2014.08.29"]

1. d4 Nf6 2. c4 e6 3. Nf3 c5 4. d5 b5 5. b3 exd5 6. cxd5 Bb7 7. Bg5 Bxd5 8.
Qxd5 Nxd5 9. Bxd8 Kxd8 10. e4 Nc7 11. Ne5 Ke8 12. Nc3 f6 13. Ng4 a6 14. O-O-O
Nc6 15. Ne3 Nd4 16. Nc2 Nce6 17. Be2 b4 18. Nxd4 Nxd4 19. Nd5 Nxe2+ 20. Kd2 Nc3
21. Nc7+ Kf7 22. Nxa8 Bd6 23. Ke3 Nxd1+ 24. Rxd1 Rxa8 25. Rxd6 Ke7 26. Rb6 a5
27. Kd3 a4 28. Kc4 axb3 29. Kxb3 Ra3+ 30. Kb2 Rd3 31. Kc2 Rc3+ 32. Kb2 Rd3 33.
Kc2 Rd4 34. f3 Rd6 35. Rb5 Ra6 36. Kb2 Rc6 37. a3 bxa3+ 38. Kxa3 Ke6 39. Kb3 f5
40. exf5+ Kxf5 41. Kc4 Kf4 42. Rb3 Rh6 43. g3+ Ke5 44. f4+ Ke4 45. Rb2 d5+ 46.
Kxc5 d4 47. Rb7 d3 48. Re7+ Kf3 49. Rd7 Ke3 50. Re7+ Kf2 51. Rd7 Rxh2 52. Rxd3
Rh3 53. Kd4 Rxg3 54. Rd2+ Kf3 55. Ke5 h5 56. Rh2 Kg4 57. Ke4 h4 58. f5 h3 59.
Rf2 Rg2 60. Rf4+ Kg5 61. Kf3 Rg1 62. f6 gxf6 0-1

[Event "36. Copenhagen Open (Politiken Cup)"]
[Site "Elsinore"]
[Date "2014.07.21"]
[Round "1"]
[White "Ramirez, Alejandro"]
[Black "Karlsson, Ulf"]
[Result "1-0"]
[WhiteElo "2580"]
[BlackElo "1994"]
[PlyCount "77"]
[EventDate "2014.07.21"]
[EventType "swiss"]
[EventRounds "10"]
[EventCountry "DEN"]
[Source "ChessBase"]
[SourceDate "2014.08.29"]

1. Nf3 c5 2. e4 Nc6 3. Bb5 e6 4. O-O Nge7 5. c3 a6 6. Ba4 b5 7. Bc2 e5 8. d4 d6
9. a4 Bg4 10. d5 Na5 11. h3 Bd7 12. Nbd2 g6 13. b4 Nb7 14. Re1 Bg7 15. Nf1 O-O
16. Be3 Qc7 17. a5 Rae8 18. Rc1 c4 19. Qd2 Qc8 20. Ng3 Nd8 21. Nh2 f6 22. f4
Nf7 23. Rf1 exf4 24. Bxf4 Ne5 25. Nf3 g5 26. Nxe5 dxe5 27. Be3 Ng6 28. Nf5 Bxf5
29. Rxf5 Rf7 30. Rcf1 Nf4 31. g3 Nxh3+ 32. Kg2 g4 33. Bd1 h5 34. Rxh5 Ng5 35.
Bxg5 fxg5 36. Rxf7 Kxf7 37. Qxg5 Rh8 38. Bxg4 Qd8 39. Be6+ 1-0

[Event "36. Copenhagen Open (Politiken Cup)"]
[Site "Elsinore"]
[Date "2014.07.21"]
[Round "1"]
[White "Rasmussen, Allan Stig"]
[Black "Jensen, Ib"]
[Result "1-0"]
[WhiteElo "2522"]
[BlackElo "1982"]
[PlyCount "59"]
[EventDate "2014.07.21"]
[EventType "swiss"]
[EventRounds "10"]
[EventCountry "DEN"]
[Source "ChessBase"]
[SourceDate "2014.08.29"]

1. Nf3 d5 2. c4 c6 3. e3 Bg4 4. cxd5 Qxd5 5. Nc3 Qh5 6. Qb3 b6 7. Be2 e6 8. h3
Nf6 9. d4 Be7 10. Bd2 O-O 11. Rc1 Nbd7 12. Rg1 Bxf3 13. Bxf3 Qg6 14. Bxc6 Rac8
15. Qa4 Rfd8 16. f4 b5 17. Bxb5 Nb6 18. Qc2 Rxc3 19. Bxc3 Ne4 20. g4 Nd5 21.
Ke2 f5 22. Bd3 Nexc3+ 23. bxc3 Qh6 24. Rh1 Qh4 25. Rcg1 Rc8 26. c4 Bb4 27. Kf3
Qe7 28. Qa4 Nf6 29. Qa6 Rb8 30. Qc6 1-0

[Event "36. Copenhagen Open (Politiken Cup)"]
[Site "Elsinore"]
[Date "2014.07.21"]
[Round "1"]
[White "Rasmussen, Henning1"]
[Black "Thorsbro, Peter"]
[Result "0-1"]
[WhiteElo "1826"]
[BlackElo "2216"]
[PlyCount "76"]
[EventDate "2014.07.21"]
[EventType "swiss"]
[EventRounds "10"]
[EventCountry "DEN"]
[Source "ChessBase"]
[SourceDate "2014.08.29"]

1. d4 f5 2. Nc3 Nf6 3. Bg5 d5 4. Nf3 e6 5. Ne5 Be7 6. e3 Bd7 7. Be2 O-O 8. O-O
Be8 9. f3 c5 10. Qd2 Qb6 11. Kh1 cxd4 12. exd4 Qxb2 13. Rfb1 Qa3 14. Rb3 Qa5
15. Rab1 b6 16. Nb5 Qxd2 17. Bxd2 Bxb5 18. Bxb5 Bd6 19. Bb4 Bxb4 20. Rxb4 Rc8
21. R4b2 a6 22. Bd3 Nbd7 23. Nxd7 Nxd7 24. Kg1 g6 25. f4 Rc3 26. Kf2 Ra3 27.
Ke2 Rc8 28. Kd2 b5 29. Ra1 Nf6 30. Rb3 Ra4 31. Rc3 Rxc3 32. Kxc3 Ne4+ 33. Bxe4
fxe4 34. Re1 Rxa2 35. Kb3 Ra4 36. c3 Kf7 37. g3 Kf6 38. g4 g5 0-1

[Event "36. Copenhagen Open (Politiken Cup)"]
[Site "Elsinore"]
[Date "2014.07.21"]
[Round "1"]
[White "Rasmussen, Lars"]
[Black "Schandorff, Lars"]
[Result "0-1"]
[WhiteElo "1984"]
[BlackElo "2529"]
[PlyCount "96"]
[EventDate "2014.07.21"]
[EventType "swiss"]
[EventRounds "10"]
[EventCountry "DEN"]
[Source "ChessBase"]
[SourceDate "2014.08.29"]

1. e4 c6 2. d4 d5 3. Nc3 dxe4 4. Nxe4 Bf5 5. Ng3 Bg6 6. h4 h6 7. Nf3 Nd7 8. h5
Bh7 9. Bd3 Bxd3 10. Qxd3 e6 11. Bd2 Ngf6 12. O-O-O Be7 13. Ne4 Nxe4 14. Qxe4
Nf6 15. Qd3 c5 16. Be3 O-O 17. Ne5 Qa5 18. Kb1 Rad8 19. g4 cxd4 20. Bxd4 Nd5
21. c3 Bf6 22. Nc4 Qc7 23. Bxf6 Nxf6 24. Qe2 Rxd1+ 25. Rxd1 Rd8 26. Rxd8+ Qxd8
27. f3 Nd5 28. Qd2 Qf6 29. Qd3 Qf4 30. Nd2 b6 31. a3 Qe3 32. Qxe3 Nxe3 33. c4
f5 34. gxf5 exf5 35. b4 Kf7 36. Kb2 Ng2 37. Kc3 Nf4 38. c5 bxc5 39. bxc5 Ke6
40. Kd4 Nxh5 41. Nc4 Nf6 42. a4 h5 43. Ne3 h4 44. c6 Ne8 45. Nd5 Kd6 46. f4 Nc7
47. Ne3 Ne6+ 48. Kc4 g6 0-1

[Event "36. Copenhagen Open (Politiken Cup)"]
[Site "Elsinore"]
[Date "2014.07.21"]
[Round "1"]
[White "Rendlev, Niels Moller"]
[Black "Leutwyler, Martin"]
[Result "0-1"]
[WhiteElo "1790"]
[BlackElo "2190"]
[PlyCount "58"]
[EventDate "2014.07.21"]
[EventType "swiss"]
[EventRounds "10"]
[EventCountry "DEN"]
[Source "ChessBase"]
[SourceDate "2014.08.29"]

1. g3 d5 2. f4 g6 3. Nf3 Bg7 4. Bg2 c6 5. d3 Qb6 6. Nc3 Nd7 7. e4 dxe4 8. dxe4
Nc5 9. e5 Nh6 10. Qe2 Bg4 11. Bd2 Qxb2 12. O-O Qxc2 13. Rfd1 Nf5 14. Qc4 Bxf3
15. Bxf3 Qd3 16. Bxc6+ bxc6 17. Qxc5 O-O 18. Be1 Qf3 19. Bf2 Rfd8 20. Qc4 h5
21. Ne2 h4 22. gxh4 Qg4+ 23. Bg3 Nxh4 24. Qe4 Nf5 25. Rxd8+ Rxd8 26. Rc1 Rd2
27. Rc2 Rxc2 28. Qxc2 Ne3 29. Qd2 Qf3 0-1

[Event "36. Copenhagen Open (Politiken Cup)"]
[Site "Elsinore"]
[Date "2014.07.21"]
[Round "1"]
[White "Rosell, Sven"]
[Black "Cornette, Matthieu"]
[Result "0-1"]
[WhiteElo "1985"]
[BlackElo "2532"]
[PlyCount "46"]
[EventDate "2014.07.21"]
[EventType "swiss"]
[EventRounds "10"]
[EventCountry "DEN"]
[Source "ChessBase"]
[SourceDate "2014.08.29"]

1. c4 b6 2. Nc3 Bb7 3. e4 e6 4. Nf3 Bb4 5. d3 Ne7 6. Be2 f5 7. Qc2 O-O 8. e5
Ng6 9. Bg5 Be7 10. Bd2 c5 11. Nb5 Nc6 12. Bc3 Qb8 13. O-O a6 14. Na3 Ncxe5 15.
Nxe5 Nxe5 16. Qd2 Ng6 17. f4 b5 18. cxb5 axb5 19. Nxb5 Bxg2 20. Kxg2 Qxb5 21.
Qe3 Bd6 22. Qg3 Ra4 23. d4 Qxe2+ 0-1

[Event "36. Copenhagen Open (Politiken Cup)"]
[Site "Elsinore"]
[Date "2014.07.21"]
[Round "1"]
[White "Roser, Kevin"]
[Black "Philipsen, William Horup"]
[Result "1-0"]
[WhiteElo "2406"]
[BlackElo "1951"]
[PlyCount "59"]
[EventDate "2014.07.21"]
[EventType "swiss"]
[EventRounds "10"]
[EventCountry "DEN"]
[Source "ChessBase"]
[SourceDate "2014.08.29"]

1. e4 e5 2. Nf3 Nc6 3. Bb5 f5 4. Nc3 fxe4 5. Nxe4 Nf6 6. Nxf6+ gxf6 7. d4 Bg7
8. dxe5 Qe7 9. O-O fxe5 10. Ng5 Nd8 11. Qh5+ Kf8 12. Bc4 c6 13. Nxh7+ Rxh7 14.
Qxh7 d5 15. Bh6 Ne6 16. Qh8+ Kf7 17. Bxg7 Nxg7 18. Be2 Bg4 19. Qxa8 Bxe2 20.
Rfe1 Ba6 21. Qb8 e4 22. f3 Qc5+ 23. Kh1 e3 24. Qf4+ Kg6 25. Rxe3 Qxc2 26. Re7
Nf5 27. Re6+ Kf7 28. Re5 Bd3 29. g4 Qf2 30. Rxf5+ 1-0

[Event "36. Copenhagen Open (Politiken Cup)"]
[Site "Elsinore"]
[Date "2014.07.21"]
[Round "1"]
[White "Salomon, Johan"]
[Black "Subramanian, Aditya"]
[Result "1-0"]
[WhiteElo "2346"]
[BlackElo "1938"]
[PlyCount "76"]
[EventDate "2014.07.21"]
[EventType "swiss"]
[EventRounds "10"]
[EventCountry "DEN"]
[Source "ChessBase"]
[SourceDate "2014.08.29"]

1. d4 Nf6 2. c4 e6 3. Nc3 Bb4 4. Qc2 O-O 5. a3 Bxc3+ 6. Qxc3 b6 7. Bg5 Ba6 8.
e3 d5 9. Rc1 Nbd7 10. cxd5 Bxf1 11. Kxf1 exd5 12. Qc6 Rc8 13. Ne2 Re8 14. Nc3
Re6 15. Qb7 c6 16. Qxa7 b5 17. Bf4 Nh5 18. Nxd5 cxd5 19. Bc7 Qe8 20. Ke2 Nhf6
21. Qb7 Re4 22. Be5 Rd8 23. Bc7 Rc8 24. Rhd1 Ng4 25. Rc3 Ndf6 26. h3 Nh6 27.
Be5 Rxc3 28. bxc3 Qd7 29. Qxd7 Nxd7 30. f3 Rh4 31. Bf4 Rh5 32. Rb1 Rf5 33. g4
Rf6 34. g5 Ra6 35. gxh6 Rxa3 36. Rxb5 g5 37. Bxg5 f6 38. Rb7 Kh8 1-0

[Event "36. Copenhagen Open (Politiken Cup)"]
[Site "Elsinore"]
[Date "2014.07.21"]
[Round "1"]
[White "Saltvedt, Martin"]
[Black "Derakhshani, Dorsa"]
[Result "0-1"]
[WhiteElo "1779"]
[BlackElo "2169"]
[PlyCount "80"]
[EventDate "2014.07.21"]
[EventType "swiss"]
[EventRounds "10"]
[EventCountry "DEN"]
[Source "ChessBase"]
[SourceDate "2014.08.29"]

1. d4 Nf6 2. c4 e6 3. Nc3 Bb4 4. Qc2 O-O 5. Bg5 d6 6. Nf3 Qe7 7. e3 e5 8. Bd3
h6 9. Bxf6 Qxf6 10. O-O c6 11. Ne4 Qe7 12. dxe5 dxe5 13. a3 Ba5 14. Ng3 Bg4 15.
Be4 g6 16. h3 Bc8 17. b4 Bc7 18. Qc3 f5 19. Bc2 c5 20. bxc5 Qxc5 21. Ne2 Be6
22. Bb3 Nc6 23. Rfc1 Na5 24. Ba2 Bd6 25. Rc2 Rac8 26. Rd1 Rfd8 27. Nc1 Bxc4 28.
Qd3 e4 29. Bxc4+ Nxc4 30. Qb3 Bh2+ 31. Kxh2 Rxd1 32. Nd2 Qd6+ 33. g3 Rxd2 34.
Rxc4 Rxf2+ 35. Kh1 Rxc4 36. Qxc4+ Kg7 37. Qc3+ Kh7 38. Qb3 Rf1+ 39. Kg2 Rxc1
40. Qf7+ Kh8 0-1

[Event "36. Copenhagen Open (Politiken Cup)"]
[Site "Elsinore"]
[Date "2014.07.21"]
[Round "1"]
[White "Schjolin, John"]
[Black "Lien, Kjell Hakon"]
[Result "0-1"]
[WhiteElo "1317"]
[BlackElo "2022"]
[PlyCount "72"]
[EventDate "2014.07.21"]
[EventType "swiss"]
[EventRounds "10"]
[EventCountry "DEN"]
[Source "ChessBase"]
[SourceDate "2014.08.29"]

1. c4 Nf6 2. d3 g6 3. Nf3 Bg7 4. Nc3 d5 5. e3 O-O 6. g3 b6 7. Bg2 Bb7 8. O-O c5
9. cxd5 Nxd5 10. Nxd5 Qxd5 11. Qb3 Qxb3 12. axb3 Rd8 13. Ne1 Bxg2 14. Kxg2 Nc6
15. Rb1 Nb4 16. d4 cxd4 17. Bd2 Nc6 18. e4 Rac8 19. Nd3 e5 20. Nb4 Nxb4 21.
Bxb4 a5 22. Bd2 Rc2 23. Rfd1 Rdc8 24. Kf1 f5 25. f3 Kf7 26. h3 Ke6 27. g4 fxe4
28. fxe4 Rf8+ 29. Ke1 Kd7 30. Ke2 Bh6 31. Kd3 Rxd2+ 32. Rxd2 Bxd2 33. Kxd2 Rf2+
34. Kd3 Rf3+ 35. Kc4 Kc6 36. b4 b5# 0-1

[Event "36. Copenhagen Open (Politiken Cup)"]
[Site "Elsinore"]
[Date "2014.07.21"]
[Round "1"]
[White "Schultz Pedersen, Jesper"]
[Black "Rasmussen, Morten(1956)"]
[Result "1/2-1/2"]
[WhiteElo "2235"]
[BlackElo "1861"]
[PlyCount "113"]
[EventDate "2014.07.21"]
[EventType "swiss"]
[EventRounds "10"]
[EventCountry "DEN"]
[Source "ChessBase"]
[SourceDate "2014.08.29"]

1. e4 c5 2. f4 a6 3. Nf3 Nc6 4. Nc3 e6 5. a4 b6 6. Be2 Bb7 7. O-O d6 8. d3 Be7
9. Qe1 Nb4 10. Bd1 d5 11. Qg3 dxe4 12. dxe4 g6 13. f5 exf5 14. exf5 Nf6 15. Bh6
Rg8 16. Bg5 gxf5 17. Qh4 Qd6 18. Qh3 O-O-O 19. Qxf5+ Qe6 20. Qxe6+ fxe6 21. Bh4
Rg4 22. Bxf6 Bxf6 23. Ne1 Bd4+ 24. Kh1 Rg7 25. Bf3 Bxf3 26. Rxf3 Rdg8 27. Rb1
Kc7 28. Ne4 Nd5 29. c3 Be5 30. Nd3 Bd6 31. g3 c4 32. Ndf2 Be7 33. Rf1 Rf8 34.
Rxf8 Bxf8 35. Nh3 Be7 36. Rf3 Kd7 37. Kg2 Ke8 38. Nf4 Nxf4+ 39. Rxf4 Kd7 40.
Rf1 Kc6 41. Rd1 Rf7 42. Nd2 Kc5 43. Re1 Kd5 44. Re4 Bc5 45. Re2 Rf5 46. h3 Re5
47. Rxe5+ Kxe5 48. Nxc4+ Ke4 49. b4 Be3 50. g4 Kd3 51. Nxe3 Kxe3 52. g5 e5 53.
h4 e4 54. h5 Kd3 55. g6 hxg6 56. hxg6 e3 57. g7 1/2-1/2

[Event "36. Copenhagen Open (Politiken Cup)"]
[Site "Elsinore"]
[Date "2014.07.21"]
[Round "1"]
[White "Skjoldager, Flemming"]
[Black "Fossan, Petter"]
[Result "0-1"]
[WhiteElo "1882"]
[BlackElo "2257"]
[PlyCount "62"]
[EventDate "2014.07.21"]
[EventType "swiss"]
[EventRounds "10"]
[EventCountry "DEN"]
[Source "ChessBase"]
[SourceDate "2014.08.29"]

1. e4 c6 2. d4 d5 3. exd5 cxd5 4. Bd3 Nc6 5. c3 Qc7 6. Nf3 Bg4 7. Nbd2 e6 8. h3
Bh5 9. O-O Nf6 10. Re1 Be7 11. Nf1 O-O 12. Ng3 Bg6 13. Bxg6 hxg6 14. Bg5 b5 15.
Ne5 Rfe8 16. Nxc6 Qxc6 17. a3 a5 18. Qd2 b4 19. axb4 axb4 20. cxb4 Qb6 21. Rxa8
Rxa8 22. Rc1 Bxb4 23. Qd3 Bd6 24. Rc2 Ra4 25. Be3 Qb8 26. Qd1 Kh7 27. Ne2 Ne4
28. f3 Qb3 29. Bc1 Rc4 30. fxe4 Qxc2 31. Qf1 Qxe4 0-1

[Event "36. Copenhagen Open (Politiken Cup)"]
[Site "Elsinore"]
[Date "2014.07.21"]
[Round "1"]
[White "Skovgaard, Ib"]
[Black "Svane, Minna"]
[Result "1-0"]
[WhiteElo "2019"]
[BlackElo "1278"]
[PlyCount "44"]
[EventDate "2014.07.21"]
[EventType "swiss"]
[EventRounds "10"]
[EventCountry "DEN"]
[Source "ChessBase"]
[SourceDate "2014.08.29"]

1. e4 e5 2. Nf3 Nc6 3. Bb5 d6 4. c3 Nf6 5. d4 Bd7 6. Nbd2 Be7 7. Qe2 O-O 8.
Bxc6 bxc6 9. dxe5 Ng4 10. Nc4 Be6 11. exd6 cxd6 12. Nd4 Nxf2 13. Nxe6 fxe6 14.
O-O Bh4 15. Be3 Nxe4 16. Qg4 Bf2+ 17. Bxf2 Nxf2 18. Qxe6+ Kh8 19. Rxf2 Qh4 20.
Raf1 Rxf2 21. Rxf2 Rd8 22. Nxd6 Rf8 1-0

[Event "36. Copenhagen Open (Politiken Cup)"]
[Site "Elsinore"]
[Date "2014.07.21"]
[Round "1"]
[White "Smirnov, Anton"]
[Black "Henningsen, Lasse"]
[Result "1-0"]
[WhiteElo "2334"]
[BlackElo "1830"]
[PlyCount "45"]
[EventDate "2014.07.21"]
[EventType "swiss"]
[EventRounds "10"]
[EventCountry "DEN"]
[Source "ChessBase"]
[SourceDate "2014.08.29"]

1. e4 d6 2. d4 g6 3. Nc3 Bg7 4. Nf3 Nf6 5. Be2 O-O 6. O-O e5 7. dxe5 dxe5 8.
Qxd8 Rxd8 9. Bg5 Re8 10. Rad1 c6 11. Nd2 Be6 12. Nc4 b6 13. Nd6 Rf8 14. a4 a6
15. Be3 Nbd7 16. f3 Rfb8 17. Bc4 Bxc4 18. Nxc4 Bf8 19. Rf2 a5 20. Rfd2 Rb7 21.
g4 b5 22. Nd6 Bxd6 23. Rxd6 1-0

[Event "36. Copenhagen Open (Politiken Cup)"]
[Site "Elsinore"]
[Date "2014.07.21"]
[Round "1"]
[White "Starup, Leo"]
[Black "Nielsen, Klaus"]
[Result "0-1"]
[WhiteElo "1594"]
[BlackElo "2067"]
[PlyCount "52"]
[EventDate "2014.07.21"]
[EventType "swiss"]
[EventRounds "10"]
[EventCountry "DEN"]
[Source "ChessBase"]
[SourceDate "2014.08.29"]

1. e4 c5 2. Nf3 Nc6 3. d4 cxd4 4. Nxd4 g6 5. Nc3 Bg7 6. Be3 Nf6 7. f3 O-O 8.
Bc4 Qb6 9. b3 Nxe4 10. Nd5 Qa5+ 11. b4 Nxb4 12. Nxe7+ Kh8 13. O-O Nd6 14. Bb3
Qe5 15. Qd2 Qxe7 16. Rae1 Nf5 17. Nxf5 gxf5 18. Bd4 Qh4 19. Bc5 Nc6 20. Bxf8
Bxf8 21. Re8 Kg7 22. Rfe1 Qd4+ 23. Qf2 Bc5 24. R8e3 f4 25. c3 Qxe3 26. Rxe3
Bxe3 0-1

[Event "36. Copenhagen Open (Politiken Cup)"]
[Site "Elsinore"]
[Date "2014.07.21"]
[Round "1"]
[White "Stojanovski, Sandi"]
[Black "Tretvold, Martin"]
[Result "1-0"]
[WhiteElo "2230"]
[BlackElo "1857"]
[PlyCount "46"]
[EventDate "2014.07.21"]
[EventType "swiss"]
[EventRounds "10"]
[EventCountry "DEN"]
[Source "ChessBase"]
[SourceDate "2014.08.29"]

1. Nf3 b6 2. d4 Bb7 3. e3 g6 4. Bd3 Bg7 5. e4 d6 6. O-O Nd7 7. Be3 e6 8. Nc3
Ngf6 9. h3 O-O 10. Qd2 Nh5 11. Rad1 e5 12. Rfe1 f5 13. Bh6 exd4 14. Bxg7 Nxg7
15. Nxd4 Qf6 16. Bc4+ Kh8 17. exf5 Ne5 18. Bd5 c6 19. Ne4 Qd8 20. Ne6 Nxe6 21.
Bxe6 gxf5 22. Nxd6 Nf3+ 23. gxf3 Qh4 1-0

[Event "36. Copenhagen Open (Politiken Cup)"]
[Site "Elsinore"]
[Date "2014.07.21"]
[Round "1"]
[White "Stray, Gunnar"]
[Black "Sajjadi, Kimiya"]
[Result "1-0"]
[WhiteElo "2053"]
[BlackElo "1531"]
[PlyCount "65"]
[EventDate "2014.07.21"]
[EventType "swiss"]
[EventRounds "10"]
[EventCountry "DEN"]
[Source "ChessBase"]
[SourceDate "2014.08.29"]

1. d4 Nf6 2. Nf3 g6 3. g3 Bg7 4. Bg2 d6 5. O-O c6 6. Nbd2 Bf5 7. Nh4 Bg4 8. h3
Bd7 9. e4 Qc8 10. Kh2 h6 11. Re1 e5 12. dxe5 Nh7 13. Nc4 O-O 14. Nxd6 Qc7 15.
f4 c5 16. c3 Nc6 17. Qd5 b6 18. Nxf7 Rxf7 19. e6 Bxe6 20. Qxe6 Nf8 21. Qc4 Na5
22. Qe2 Rd8 23. Qg4 Kh7 24. e5 h5 25. Qe2 Re7 26. Be4 Re6 27. Qxh5+ Kg8 28.
Nxg6 Nc4 29. Nxf8 Kxf8 30. Qf5+ Ke7 31. Qg5+ Kf8 32. Bg2 Qf7 33. Qxd8+ 1-0

[Event "36. Copenhagen Open (Politiken Cup)"]
[Site "Elsinore"]
[Date "2014.07.21"]
[Round "1"]
[White "Stuhr, Finn"]
[Black "Royset, Pal"]
[Result "0-1"]
[WhiteElo "1800"]
[BlackElo "2208"]
[PlyCount "56"]
[EventDate "2014.07.21"]
[EventType "swiss"]
[EventRounds "10"]
[EventCountry "DEN"]
[Source "ChessBase"]
[SourceDate "2014.08.29"]

1. e4 c5 2. Nf3 d6 3. Bc4 Nc6 4. d3 g6 5. c3 Bg7 6. Be3 Nf6 7. h3 O-O 8. Qd2 e6
9. a4 d5 10. exd5 exd5 11. Ba2 d4 12. Bh6 Re8+ 13. Kd1 dxc3 14. bxc3 Bxh6 15.
Qxh6 Qxd3+ 16. Nbd2 Qxc3 17. Rc1 Qa3 18. Bxf7+ Kxf7 19. Ng5+ Kg8 20. Nxh7 Qxa4+
21. Rc2 Bf5 22. Nxf6+ Kf7 23. Nfe4 Rxe4 24. Nxe4 Rd8+ 25. Nd2 Qxc2+ 26. Ke2
Qd3+ 27. Ke1 Re8+ 28. Kd1 Qc2# 0-1

[Event "36. Copenhagen Open (Politiken Cup)"]
[Site "Elsinore"]
[Date "2014.07.21"]
[Round "1"]
[White "Stuhr, Peter Sebastian"]
[Black "Kristiansen, Jens"]
[Result "0-1"]
[WhiteElo "1965"]
[BlackElo "2412"]
[PlyCount "74"]
[EventDate "2014.07.21"]
[EventType "swiss"]
[EventRounds "10"]
[EventCountry "DEN"]
[Source "ChessBase"]
[SourceDate "2014.08.29"]

1. e4 c5 2. Nc3 Nc6 3. f4 g6 4. Nf3 Bg7 5. Bc4 e6 6. O-O Nge7 7. Qe1 O-O 8. d3
d5 9. Bb3 Na5 10. Qh4 Nxb3 11. axb3 Nc6 12. f5 Qxh4 13. Nxh4 Bd4+ 14. Kh1 Nb4
15. Bh6 Rd8 16. Nxd5 exd5 17. c3 Nc2 18. fxg6 hxg6 19. Ra4 Be3 20. Bxe3 Nxe3
21. Rf3 d4 22. b4 Bd7 23. Ra2 Be6 24. Ra5 b6 25. Ra6 Bg4 26. Rg3 Be2 27. bxc5
Bxd3 28. Ra3 Bxe4 29. cxd4 Rxd4 30. Kg1 Nc4 31. Rac3 Nxb2 32. c6 Rd1+ 33. Kf2
Rd6 34. Ke1 Bxc6 35. Nf5 Re8+ 36. Ne3 Nd1 37. Rxc6 Nxe3 0-1

[Event "36. Copenhagen Open (Politiken Cup)"]
[Site "Elsinore"]
[Date "2014.07.21"]
[Round "1"]
[White "Svane, Rasmus"]
[Black "Nielsen, Morten"]
[Result "1-0"]
[WhiteElo "2494"]
[BlackElo "1970"]
[PlyCount "65"]
[EventDate "2014.07.21"]
[EventType "swiss"]
[EventRounds "10"]
[EventCountry "DEN"]
[Source "ChessBase"]
[SourceDate "2014.08.29"]

1. d4 Nf6 2. c4 c5 3. d5 b5 4. cxb5 a6 5. bxa6 Bxa6 6. Nc3 d6 7. Nf3 Nbd7 8. e4
Bxf1 9. Kxf1 g6 10. g3 Bg7 11. Kg2 O-O 12. a4 Ra6 13. Qc2 Qa8 14. Ra3 Rc8 15.
Re1 Ng4 16. Bg5 e6 17. Rd1 h6 18. Bf4 e5 19. Bc1 c4 20. h3 Ngf6 21. Be3 Nc5 22.
Nd2 Nd3 23. b3 Nb4 24. Qb2 Nbxd5 25. exd5 Nxd5 26. Nxd5 Qxd5+ 27. Kg1 c3 28.
Qc2 Qe6 29. Ne4 f5 30. b4 fxe4 31. b5 Ra5 32. Rxc3 Raa8 33. b6 1-0

[Event "36. Copenhagen Open (Politiken Cup)"]
[Site "Elsinore"]
[Date "2014.07.21"]
[Round "1"]
[White "Thaler, Matthias"]
[Black "Dahl, Steve"]
[Result "1-0"]
[WhiteElo "2199"]
[BlackElo "1802"]
[PlyCount "51"]
[EventDate "2014.07.21"]
[EventType "swiss"]
[EventRounds "10"]
[EventCountry "DEN"]
[Source "ChessBase"]
[SourceDate "2014.08.29"]

1. d4 Nf6 2. Bf4 e6 3. e3 d5 4. Nf3 Be7 5. h3 O-O 6. Nbd2 c5 7. c3 Nc6 8. Bd3
c4 9. Bc2 b5 10. a3 a5 11. Ne5 Nxe5 12. dxe5 Nd7 13. Qh5 f5 14. Qe2 a4 15. Nf3
Nc5 16. Nd4 Bd7 17. h4 Be8 18. g4 g6 19. Rd1 Bxh4 20. gxf5 exf5 21. Qf3 g5 22.
Nxf5 Bxf2+ 23. Kxf2 gxf4 24. Qg4+ Bg6 25. Rxh7 fxe3+ 26. Ke2 1-0